Statistics for Bands by Lead Singer #1

Click here to take the quiz!

General Stats

  • This quiz has been taken 68 times
  • The average score is 7 of 10

Answer Stats

HintAnswer% Correct
Freddie MercuryQueen
100%
Kurt CobainNirvana
94%
Ozzy OsbourneBlack Sabbath
92%
Robert PlantLed Zeppelin
85%
Ronnie James DioDio
80%
Roger WatersPink Floyd
69%
Billie Joe ArmstrongGreen Day
66%
Brian JohnsonAC/DC
58%
Chester BenningtonLinkin Park
40%
Ronnie Van ZantLynyrd Skynyrd
35%

Score Distribution

Percentile by Number Answered

Percent of People with Each Score

Your Score History

You have not taken this quiz